Welcome to CU Library Online Public Access Catalogue (OPAC)

Machines and mechanisms : (Record no. 8178)

MARC details
000 -LEADER
fixed length control field 00617pam a2200205 a 4500
001 - CONTROL NUMBER
control field 1198026
005 - DATE AND TIME OF LATEST TRANSACTION
control field 20251110160024.0
008 - FIXED-LENGTH DATA ELEMENTS--GENERAL INFORMATION
fixed length control field 980427s1999 njua b 001 0 eng
020 ## - INTERNATIONAL STANDARD BOOK NUMBER
International Standard Book Number 0135979153
020 ## - INTERNATIONAL STANDARD BOOK NUMBER
International Standard Book Number 9780135979150
050 00 - LIBRARY OF CONGRESS CALL NUMBER
Classification number TJ175
Item number .M97 1999
082 00 - DEWEY DECIMAL CLASSIFICATION NUMBER
Classification number 621.8/11
Edition information 21
100 1# - MAIN ENTRY--PERSONAL NAME
Personal name Myszka, David H.
245 10 - TITLE STATEMENT
Title Machines and mechanisms :
Remainder of title applied kinematics analysis /
Statement of responsibility, etc. David H. Myszka.
260 ## - PUBLICATION, DISTRIBUTION, ETC.
Place of publication, distribution, etc. Upper Saddle River, N.J. :
Name of publisher, distributor, etc. Prentice Hall,
Date of publication, distribution, etc. c1999.
300 ## - PHYSICAL DESCRIPTION
Extent xi, 482 p. :
Other physical details ill. ;
Dimensions 24 cm.
650 #0 - SUBJECT ADDED ENTRY--TOPICAL TERM
Topical term or geographic name entry element Machinery, Kinematics of.
650 #0 - SUBJECT ADDED ENTRY--TOPICAL TERM
Topical term or geographic name entry element Mechanical movements.
942 ## - ADDED ENTRY ELEMENTS (KOHA)
Source of classification or shelving scheme Library of Congress Classification
Koha item type Books
Suppress in OPAC No
999 ## -
-- 8178
-- 8178
Holdings
Withdrawn status Lost status Source of classification or shelving scheme Damaged status Not for loan Collection Home library Current library Shelving location Date acquired Total checkouts Full call number Barcode Date last seen Copy number Price effective from Koha item type
    Library of Congress Classification     Non-fiction Science Library (Miotso) Science Library (Miotso) General stacks 11/10/2025   TJ175 .M97 MYS SLM00005667 11/10/2025 1 11/10/2025 Books
© 2023-2024 Copyright: Central University Libraries. All Rights Reserved | Created by: Mahone Tech Office